| 000 | 00437nam a22001937a 4500 | ||
|---|---|---|---|
| 999 |
_c479885 _d479885 |
||
| 003 | ASAB | ||
| 005 | 20180926052839.0 | ||
| 008 | 151015t xxu||||| |||| 00| 0 eng d | ||
| 020 | _a969-35-1991-4 | ||
| 038 | _aASAB | ||
| 040 | _cASAB | ||
| 082 | _aFic | ||
| 100 |
_aAshfaq Ahmad _91347 |
||
| 210 | _2dastak | ||
| 245 | _aAik or Dastak | ||
| 260 |
_aLahore _bSang e Meel Pubilcations _c2007 |
||
| 300 | _a352 P | ||
| 942 |
_2ddc _cBK |
||